000 00454 a2200121 4500
001 ART_45085
005 20260410162038.0
008 260409a
245 1 0 _a¿Es la pobreza un determinante crucial de la participación económica de niños, niñas y adolescentes?
100 1 _aPaz, Jorge Augusto
700 1 _aPiselli, Carolina
773 0 _tRevista de estudios regionales y mercado de trabajo
_g- Nº 5 (ene./dic. 2009)
_wREV44894
999 _c34655
_d34655